| 000 | 00561nam a2200205Ia 4500 | ||
|---|---|---|---|
| 999 |
_c22620 _d22620 |
||
| 082 | _a025.5 SHA-; | ||
| 100 | _aSharma, C.D. | ||
| 245 | 0 | _aUse of libraries: a guide to better use of libraries and their resources | |
| 260 |
_aNew Delhi _bMetropolitan _c1978 |
||
| 300 | _axiii, 345p. | ||
| 504 | _aIncludes index | ||
| 650 | _aLibrary resources | ||
| 650 | _aLibrary materials | ||
| 650 | _aLibrary education | ||
| 650 | _aLibrary users | ||
| 650 | _aLibrary science | ||
| 650 | _aLibrary and society | ||
| 650 | _aLibrary use studies | ||
| 942 | _cBK | ||